<?xml version="1.0" encoding="UTF-8"?>
<record
    xmlns:xsi="http://www.w3.org/2001/XMLSchema-instance"
    xsi:schemaLocation="http://www.loc.gov/MARC21/slim http://www.loc.gov/standards/marcxml/schema/MARC21slim.xsd"
    xmlns="http://www.loc.gov/MARC21/slim">

  <leader>01063cam a2200277 a 4500</leader>
  <controlfield tag="001">000006983</controlfield>
  <controlfield tag="005">20240306073909.0</controlfield>
  <controlfield tag="008">970505s1996    mx a     b   f001 0bspa d</controlfield>
  <datafield tag="020" ind1=" " ind2=" ">
    <subfield code="a">9682987849</subfield>
  </datafield>
  <datafield tag="040" ind1=" " ind2=" ">
    <subfield code="a">DO-SdBNP</subfield>
    <subfield code="c">EMU</subfield>
    <subfield code="d">UPB</subfield>
    <subfield code="d">BNPHU</subfield>
    <subfield code="d">DLC</subfield>
  </datafield>
  <datafield tag="082" ind1=" " ind2=" ">
    <subfield code="a">923.2</subfield>
    <subfield code="b">M375he</subfield>
  </datafield>
  <datafield tag="100" ind1="1" ind2=" ">
    <subfield code="a">Herrera Franyutti, Alfonso.</subfield>
    <subfield code="9">19416</subfield>
  </datafield>
  <datafield tag="245" ind1="1" ind2="0">
    <subfield code="a">Mart&#xED; en M&#xE9;xico :</subfield>
    <subfield code="b">recuerdos de una epoca /</subfield>
    <subfield code="c">Alfonso Herrera Franyutti ; pr&#xF3;logo, Pedro Pablo Rodr&#xED;guez.</subfield>
  </datafield>
  <datafield tag="250" ind1=" " ind2=" ">
    <subfield code="a">[2. ed.], 1. ed. en Sello Bermejo.</subfield>
  </datafield>
  <datafield tag="260" ind1=" " ind2=" ">
    <subfield code="a">M&#xE9;xico, D.F. :</subfield>
    <subfield code="b">Consejo Nacional para la Cultura y las Artes,</subfield>
    <subfield code="c">1996.</subfield>
  </datafield>
  <datafield tag="300" ind1=" " ind2=" ">
    <subfield code="a">339 p. :</subfield>
    <subfield code="b">il. ;</subfield>
    <subfield code="c">21 cm.</subfield>
  </datafield>
  <datafield tag="440" ind1=" " ind2="0">
    <subfield code="a">Sello Bermejo</subfield>
    <subfield code="9">9986</subfield>
  </datafield>
  <datafield tag="500" ind1=" " ind2=" ">
    <subfield code="a">Errata slip inserted.</subfield>
  </datafield>
  <datafield tag="504" ind1=" " ind2=" ">
    <subfield code="a">Incluye referencias bibliogr&#xE1;ficas.</subfield>
  </datafield>
  <datafield tag="600" ind1="1" ind2="0">
    <subfield code="a">Mart&#xED;, Jos&#xE9;,</subfield>
    <subfield code="d">1853-1895</subfield>
    <subfield code="9">645</subfield>
  </datafield>
  <datafield tag="650" ind1=" " ind2="4">
    <subfield code="a">Refugiados pol&#xED;ticos</subfield>
    <subfield code="z">M&#xE9;xico</subfield>
    <subfield code="9">19417</subfield>
  </datafield>
  <datafield tag="650" ind1=" " ind2="4">
    <subfield code="a">Refugiados pol&#xED;ticos</subfield>
    <subfield code="z">Cuba</subfield>
    <subfield code="9">19418</subfield>
  </datafield>
  <datafield tag="650" ind1=" " ind2="4">
    <subfield code="a">Autores cubanos</subfield>
    <subfield code="x">Biograf&#xED;a</subfield>
    <subfield code="y">SIGLO XIX</subfield>
    <subfield code="9">19419</subfield>
  </datafield>
  <datafield tag="651" ind1=" " ind2="4">
    <subfield code="a">Cuba</subfield>
    <subfield code="x">Historia</subfield>
    <subfield code="x">Lucha De La Revoluci&#xF3;n</subfield>
    <subfield code="9">19420</subfield>
  </datafield>
  <datafield tag="910" ind1=" " ind2=" ">
    <subfield code="a">Catalogaci&#xF3;n por copia / LC</subfield>
  </datafield>
  <datafield tag="952" ind1=" " ind2=" ">
    <subfield code="0">0</subfield>
    <subfield code="1">0</subfield>
    <subfield code="5">2</subfield>
    <subfield code="7">0</subfield>
    <subfield code="8">MO</subfield>
    <subfield code="a">GR</subfield>
    <subfield code="b">GR</subfield>
    <subfield code="c">CT</subfield>
    <subfield code="d">2009-09-03</subfield>
    <subfield code="i">LF1</subfield>
    <subfield code="l">0</subfield>
    <subfield code="o">923.2 M375he</subfield>
    <subfield code="p">6983-10</subfield>
    <subfield code="r">2020-06-25</subfield>
    <subfield code="w">2020-06-25</subfield>
    <subfield code="y">2</subfield>
    <subfield code="Z">Pr&#xE9;stamo interno</subfield>
  </datafield>
  <datafield tag="999" ind1=" " ind2=" ">
    <subfield code="c">6767</subfield>
    <subfield code="d">6767</subfield>
  </datafield>
</record>
